Programa del Seminario Latinoamericano "Organización Sindical Agraria en América Latina"/
El documento presenta un informe de la situación del sindicato de trabajadores de la compañía agrícola y ganadera de Sula, en Honduras.
Salvato in:
| Ente Autore: | |
|---|---|
| Natura: | testo |
| Lingua: | Spanish |
| Pubblicazione: |
San José:
CEDAL
1976
|
| Soggetti: | |
| Tags: |
Aggiungi Tag
Nessun Tag, puoi essere il primo ad aggiungerne!!
|
MARC
| LEADER | 00000 a a2200000 04500 | ||
|---|---|---|---|
| 001 | 18693 | ||
| 003 | cru IIS | ||
| 005 | 20220808100755.0 | ||
| 008 | 211005b |||||||| |||| 00| 0 spa d | ||
| 040 | |c CRAI /IIS | ||
| 090 | |a 13.06.01 S61bo | ||
| 110 | |a CEDAL | ||
| 245 | |a Programa del Seminario Latinoamericano "Organización Sindical Agraria en América Latina"/ | ||
| 260 | |a San José: |b CEDAL |c 1976 | ||
| 300 | |a 4 p. | ||
| 520 | |a El documento presenta un informe de la situación del sindicato de trabajadores de la compañía agrícola y ganadera de Sula, en Honduras. | ||
| 650 | 0 | |9 2228 |a SINDICALISMO | |
| 650 | 0 | |9 1511 |a TRABAJADORES AGRICOLAS | |
| 650 | 0 | |9 6025 |a EMPRESAS AGRICOLAS | |
| 651 | 0 | |9 17 |a AMERICA LATINA | |
| 942 | |2 z |c LI |h 13.06.01 S61bo |6 130601_S61BO | ||
| 999 | |c 43959 |d 43959 | ||
